[Event "Klubbmesterskapet 2019 (B)"]
[Site "Ås, Akershus NOR"]
[Date "2019.04.04"]
[Round "9"]
[White "Simonsen, Steinar"]
[Black "Stensland, Martin"]
[Result "0-1"]
[WhiteElo "1521"]
[BlackElo "1225"]
[PlyCount "64"]
[EventDate "2019.01.10"]

1. e4 Nc6 2. d4 d6 3. Nf3 Bg4 4. Bb5 Nf6 5. Nc3 e6 6. d5 exd5
7. exd5 Qe7+ 8. Be3 a6 9. dxc6 axb5 10. cxb7 Rb8 11. Nxb5 Rxb7 12. a4 Qe4 13.
O-O Bxf3 14. Re1 Bxd1 15. Bd2 Qxe1+ 16. Bxe1 Bxc2 17. Rc1 Bxa4 18. Nxc7+ Kd7
19. Na6 Be7 20. Ra1 Bb5 21. Nb4 Rc8 22. h3 d5 23. Rd1 Bxb4 24. Bxb4 Be2 25. Rd2
Rxb4 26. Rxe2 Kd6 27. g4 h6 28. Kg2 Rcb8 29. Re3 Rxb2 30. Ra3 Ne4 31. Ra6+ R8b6
32. Ra8 Rxf2+ 0-1

[Event "Klubbmesterskapet 2019 (B)"]
[Site "Ås, Akershus NOR"]
[Date "2019.04.04"]
[Round "9"]
[White "Skaret, Runar"]
[Black "Røst, Stian"]
[Result "0-1"]
[WhiteElo "1387"]
[BlackElo "1283"]
[PlyCount "26"]
[EventDate "2019.01.10"]

1. d4 d5 2. Bf4 Nf6 3. e3 e6 4. Nf3 c5 5. c3 Bd7 6. Ne5 Nc6 7. Nxd7 Nxd7 8. Nd2
Be7 9. h3 e5 10. dxe5 Ncxe5 11. Qb3 c4 12. Qxb7 Nc5 13. Qc6+ Nxc6 0-1

[Event "Høstturneringen 2018"]
[Site "Ås, Akershus NOR"]
[Date "2018.08.30"]
[Round "1"]
[White "Kvam, Audun"]
[Black "Rønbeck, Bjørn"]
[Result "1-0"]
[WhiteElo "2026"]
[BlackElo "1500"]
[PlyCount "55"]
[EventDate "2018.08.30"]

1. e4 e5 2. Nf3 d6 3. d4 exd4 4. Nxd4 Nf6 5. Nc3 Be7 6. Be2 O-O 7. O-O b6 8.
Re1 Bb7 9. Bf3 Qc8 10. g3 Nbd7 11. Bg2 Kh8 12. Nf5 Re8 13. g4 Bf8 14. g5 Ng8
15. Qd4 c5 16. Nxd6 Bxd6 17. Qxd6 Re6 18. Qg3 Re7 19. Bf4 Nf8 20. Nd5 Bxd5 21.
exd5 Rxe1+ 22. Rxe1 Qf5 23. Be4 Qd7 24. c4 Re8 25. Re3 Qa4 26. Bc2 Rxe3 27.
Bxa4 Rxg3+ 28. Bxg3 1-0

[Event "Høstturneringen 2018"]
[Site "Ås, Akershus NOR"]
[Date "2018.08.30"]
[Round "1"]
[White "Thowsen, Alf Geir"]
[Black "Johansen, Anders S"]
[Result "0-1"]
[WhiteElo "1409"]
[BlackElo "1881"]
[Annotator "Furnes, Torstein"]
[PlyCount "102"]
[EventDate "2018.08.30"]

1. d4 d5 2. c4 c6 3. Nc3 Nf6 4. Nf3 e6 5. e3 Nbd7 6. Be2 Bd6 7. h3 O-O 8. O-O
dxc4 9. Bxc4 b5 10. Bd3 Bb7 11. Qc2 Rc8 12. Ne4 Nxe4 13. Bxe4 Nf6 14. Bd3 Qe7
15. e4 e5 16. dxe5 Bxe5 17. Nxe5 Qxe5 18. Be3 a5 19. f4 Qh5 20. Qf2 Nd7 21. f5
f6 22. Be2 Qf7 23. Qg3 Rfe8 24. Rf4 Kh8 25. Rh4 Red8 26. Bh5 Qf8 27. Bg6 h6 28.
Rh5 Ne5 29. Qh4 (29. Bxh6 $3 gxh6 30. Qh4 Kg8 31. Rxh6 Qxh6 32. Qxh6 Rc7 33.
Re1 $18) 29... Nxg6 30. fxg6 Kg8 31. Rc1 (31. Bxh6 $3 gxh6 32. Rxh6 Qg7 33. Rf1
$18) 31... Qe8 32. Qg4 (32. Bxh6 $3 Qxg6 33. Rc3 $18) 32... Rd3 33. Bxh6 $1 {
Løperofferet er fortsatt korrekt, men nå gir Fritz-evalueringen kun hvit
fordel på ca. 0.3. I de tidligere variantene ga løperofferet minst 4 i hvit
fordel.} gxh6 $18 {Etter dette trekket står hvit til vinst igjen.} ({Svarts
eneste mulighet var} 33... Qd7 $14) 34. Rxh6 Qd7 35. Rh7 $11 ({Hvit vinner
etter} 35. Qh5 $18) 35... Qxg4 36. hxg4 Ba6 37. Rf1 Rd6 38. e5 fxe5 39. Rff7
Rxg6 40. Ra7 c5 41. Rh5 Re8 42. Kf2 b4 43. Rah7 Rf8+ 44. Ke3 Rff6 45. Rh8+ Kf7
46. R5h7+ Rg7 47. Rxg7+ Kxg7 48. Ra8 c4 49. Ra7+ Kg6 50. Ra8 c3 51. bxc3 bxc3
0-1

[Event "Høstturneringen 2018"]
[Site "Ås, Akershus NOR"]
[Date "2018.08.30"]
[Round "1"]
[White "Furnes, Torstein"]
[Black "Samset, Jon"]
[Result "1-0"]
[WhiteElo "1787"]
[BlackElo "1404"]
[Annotator "Furnes, Torstein"]
[PlyCount "35"]
[EventDate "2018.08.30"]

1. d4 Nf6 2. c4 d5 3. cxd5 Qxd5 4. Nc3 Qd8 5. e4 e6 6. Nf3 Bb4 7. Bd3 Bxc3+ 8.
bxc3 O-O 9. O-O ({Bedre er} 9. e5 Nd5 (9... Ng4 10. h3 Nh6 11. Ng5) 10. Bxh7+
$1 Kxh7 (10... Kh8 11. Ng5 g6 12. Qf3) 11. Ng5+ Kg6 (11... Kg8 12. Qh5 Re8 13.
Qxf7+ Kh8 14. Qh5+ Kg8 15. Qh7+ Kf8 16. Qh8+ Ke7 17. Qxg7#) 12. h4 f5 13. h5+
Kh6 14. Nxe6+ Kh7 15. Nxd8) 9... b6 10. Bg5 ({Bedre er} 10. e5 {med
tilsvarende angrepsmuligheter som i analysene etter forrige trekk.}) 10... h6
11. Bh4 Qe8 ({Etter} 11... g5 {kan hvit ofre springeren og få avgjørende
angrep.} 12. Nxg5 $1 hxg5 13. Bxg5 $18) 12. e5 Nfd7 13. Be4 Ba6 $2 (13... c6)
14. Bxa8 Bxf1 15. Kxf1 c6 16. Qa4 Qc8 17. Qxa7 Na6 18. Bb7 1-0

[Event "Høstturneringen 2018"]
[Site "Ås, Akershus NOR"]
[Date "2018.08.30"]
[Round "1"]
[White "Aamodt, Peder Marcus"]
[Black "Lea, Per"]
[Result "0-1"]
[WhiteElo "1369"]
[BlackElo "1729"]
[Annotator "Furnes, Torstein"]
[PlyCount "54"]
[EventDate "2018.08.30"]

1. e4 e5 2. Nf3 Nc6 3. Bb5 a6 4. Bxc6 dxc6 5. O-O Bg4 6. d3 Qd7 7. c3 f6 8. d4
O-O-O 9. Be3 Bc5 10. Qa4 Bxf3 11. gxf3 exd4 12. cxd4 Bxd4 13. Nc3 Bxe3 14. fxe3
Qd2 15. Nd1 Ne7 16. Qc4 Ng6 17. Qc5 Nh4 18. Rf2 Qe1+ 19. Rf1 Nxf3+ 20. Kg2 Rd2+
(20... Nh4+ 21. Kg1 (21. Kh3 Qxf1+ 22. Kxh4 Qg2 23. Qf5+ Kb8 24. Nf2 h5) 21...
Qe2 22. Nf2 (22. Rf2 Rxd1+ 23. Rxd1 Qg4+ 24. Kh1 Qxd1+ 25. Rf1 Qxf1#) 22... Qf3
) 21. Rf2 Rxf2+ (21... Nh4+ 22. Kg3 h5 23. Kxh4 Rxf2 24. Nxf2 Qxf2+ 25. Kh3
Qf3+ 26. Kh4 Qg4#) 22. Nxf2 Qxa1 (22... Nh4+ 23. Kg3 Qe2 24. Nh3 h5 25. Rg1 g5)
23. Kxf3 Qxb2 24. Qa7 Rd8 25. Qc5 Qe5 26. Qa7 Qb5 27. a4 Qb6 0-1

[Event "Høstturneringen 2018"]
[Site "Ås, Akershus NOR"]
[Date "2018.08.30"]
[Round "1"]
[White "Bø, Martin"]
[Black "Lange, Magnus Øyvind"]
[Result "1-0"]
[WhiteElo "1698"]
[BlackElo "1367"]
[Annotator "Bø, Martin"]
[PlyCount "111"]
[EventDate "2018.08.30"]

1. d4 d5 2. Nf3 Nc6 3. c4 e6 4. g3 Nf6 5. Bg2 Bd7 6. O-O Be7 7. b3 O-O 8. Bb2
a6 9. Nc3 Na7 10. Qc2 b5 11. Ne5 b4 12. Nb1 Rb8 13. Nd2 Nc6 14. e4 (14. cxd5
Nxe5 15. dxe6 Bxe6 16. dxe5 Nd5 $18) 14... dxe4 15. Nxe4 Nxe5 16. Nxf6+ Bxf6
17. dxe5 Be7 18. Rad1 Qe8 19. Be4 h6 20. Rd4 Bc5 21. Bh7+ Kh8 22. Rg4 g6 23.
Bxg6 fxg6 24. Rxg6 Rf5 25. Rxh6+ {Stockfish sier 0.00, men lite tyder på remis
i denne stillingen} (25. Qxf5 $3 exf5 26. e6+ Kh7 27. Rg7+ Kh8 28. exd7 Qe2 29.
Bf6 Qd2 30. d8=Q+ Qxd8 (30... Rxd8 31. Rd7+ Kg8 32. Rxd8+ Qxd8 33. Bxd8) 31.
Rf7+ Kg8 32. Bxd8 Kxf7 33. Bxc7 Rc8 34. Bf4 $18) 25... Kg7 26. Bc1 Qg8 27. h4
Kf7 28. Bg5 Rf8 $6 {Stockfish begynner å like hvits stilling. Sorts konge har
veldig få felter til disposisjon} 29. g4 (29. Rd1 {Disse variantene lukter
computer lang vei, og vil trolig aldri bli spilt av klubbspillere på vårt nivå}
Bc8 (29... Bxf2+ 30. Kh2 Be8 31. Qe4 Bxg3+ 32. Kh3 (32. Kxg3 $2 Rxg5+ 33. hxg5
Qxg5+ 34. Qg4 Qxh6 $17) 32... Bxh4 33. Bxh4 Kg7 34. Rf6 (34. Rg1+ Kxh6 35. Rxg8
Rxg8 $17) 34... Kh7 35. Rd8 R8xf6 36. exf6 Qg6 37. Qg4 Qxg4+ 38. Kxg4 Bh5+ 39.
Kh3 $11)) 29... Rf3 30. Rh7+ {[%eval 0,0]} (30. Qe4 $3 {Ble spilt i neste
trekk, altså 1 trekk for seint} Ke8 (30... Qg7 31. Rh7) 31. Qa8+ Kf7 32. Qxf3+
Ke8 33. Qa8+ Kf7 34. Rf6+ Kg7 35. Bh6+ Kh8 36. Bxf8 Qxg4+ 37. Qg2 Qxg2+ 38.
Kxg2 $18) 30... Ke8 31. Qe4 c6 $1 {Alle andre trekk taper direkte} 32. Rd1
Bxf2+ $2 (32... Rxf2 33. Kh1 R8f7 34. Rh6 R7f3 35. Rd3 Rxd3 36. Qxd3 Bf8 37.
Rh7 Rf7 38. Rxf7 Qxf7 {Hvit har nesten full kompensasjon for offiseren}) 33.
Kg2 R8f7 34. Rxd7 $4 {Nå står sort til vinst} (34. Qxc6 {[%emt 0:00:10] Matt i}
Bxc6 (34... Rg3+ 35. Kh2 Rg2+ (35... Kf8 36. Qd6+ Ke8 37. Qb8+ Bc8 38. Qxc8#)
36. Qxg2) 35. Rd8#) 34... Kxd7 35. Rxf7+ Rxf7 36. Qd3+ Kc8 37. Qd6 Qe8 38. Qxb4
c5 $4 (38... Qd7 $1 39. Bf6 Qd4 40. Qa4 Kb7 41. Qb4+ Ka7 42. Qd6 {Hvit har
ikke noe bedre enn å bytte dronning og miste offiseren, da sort snart har
mattangrep} Qxd6 43. exd6 Rxf6 $17) 39. Qb6 Qd7 40. Qxa6+ Qb7+ (40... Kb8 41.
Qb6+ Kc8 42. Qa6+ Kb8 43. Qb6+) 41. Qxb7+ Kxb7 42. Bf6 Bd4 (42... Be1 $1 {
Forskjellen her er at sort ikke kan spille g5 pga Lxh4} 43. g5 (43. h5 Rh7 44.
Kh3 Kc6 45. Bh4 Bxh4 46. Kxh4 Kd7 47. g5 Ke7 48. g6 Rg7 49. Kg5 Kf8 50. h6 Ra7
51. a4 Ra6 52. Kf6 Kg8 53. h7+ Kh8 54. Kf7 Ra8 55. Kxe6 Kg7 56. Kd6 $11) 43...
Bxh4 44. g6 Rxf6 45. exf6 Bxf6 {0.00, men uklart hvorfor}) 43. g5 {Hvit står
nå til vinst, sorts eneste forsøk er å prøve på aktivt spill} Be3 $2 44. Kf3
Bc1 45. Kg4 Kc7 46. g6 Rf8 47. g7 Rg8 48. Kh5 Kd7 49. Kg6 Ke8 50. h5 Bd2 51. h6
Bxh6 52. Kxh6 Kf7 53. a3 Rb8 54. Kh7 Ra8 55. b4 Rg8 56. b5 1-0

[Event "Høstturneringen 2018"]
[Site "Ås, Akershus NOR"]
[Date "2018.09.01"]
[Round "1"]
[White "Heien, Aksel"]
[Black "Skaret, Runar"]
[Result "1-0"]
[WhiteElo "1276"]
[BlackElo "1434"]
[Annotator "Skaret, Runar"]
[PlyCount "53"]
[EventDate "2018.08.30"]

1. e4 {Skrevet av Runar Skaret & Stockfish@25} e5 2. Nf3 Nc6 3. Bc4 Nf6 {To
springer forsvar} 4. Ng5 d5 {Hvit presser f7-feltet mitt. Jeg kunne ikke huske
hva jeg skal gjøre mot det, så jeg satset på at dette var ok} 5. exd5 {+0,3}
Nxd5 {+0,9} (5... Na5 {Dette er bedre, løperen må jages bort} 6. d6) 6. Nxf7 {
Dette hadde jeg ikke ventet, selv om jeg har sett denne åpningen før.} Qd7 {
Jeg håpet å vinne tilbake hesten til hvit med dette trekket, men Stockfish gir
det +5,8, og det var det laveste Stockfish viser for resten av partiet.} (6...
Kxf7 {Jeg trodde ikke hvit ville ta her fordi jeg bare kunne ta med kongen,
men nå så jeg plutselig at hvit} 7. Qf3+ {kan spille dronningen hit med
dobbeltangrep på hest og konge. Og det fant jeg ikke noe svar på i farta.} Ke6
{Men dette trekket er i følge Stockfish greit for svart, og det eneste gode
trekket. Jeg synes ikke det føltes trygt, så jeg holdt meg unna denne
varianten.}) 7. Nxh8 Na5 8. Bxd5 Qxd5 9. O-O Qg8 10. Re1 Nc6 11. d4 Bd6 12.
dxe5 Be7 13. Nc3 Qxh8 14. Nd5 Bd8 15. Qh5+ g6 16. Qh6 Be6 17. Nf6+ Bxf6 18.
exf6 Qxf6 19. c3 O-O-O 20. Bg5 Qf7 21. Bxd8 Kxd8 22. Rad1+ Bd7 23. Rd2 Kc8 24.
Qe3 Qxa2 {Her var jeg tom for ideer. Mens jeg kommer lenger og lenger unna et
angrep på hvit konge, så bøtter Aksel på med alle brikkene sine mot min. Jeg
tar denne bonden noe redignert.} 25. Qe8+ {Og Aksel finner matt i et par trekk
med et fint dronningoffer} Bxe8 26. Rxe8+ Nd8 27. Rdxd8# 1-0

[Event "Høstturneringen 2018"]
[Site "Ås, Akershus NOR"]
[Date "2018.09.13"]
[Round "2"]
[White "Kielland-Lund, Jon"]
[Black "Kvam, Audun"]
[Result "1/2-1/2"]
[WhiteElo "1684"]
[BlackElo "2026"]
[Annotator "Kielland-Lund,Jon"]
[PlyCount "77"]
[EventDate "2018.08.30"]

1. c4 e5 2. Nc3 Nc6 3. g3 d6 4. Bg2 Be7 5. e3 f5 6. d4 e4 {Da faller mye av
poenget med f5 bort, hvit har fordel.} 7. a3 a5 8. Nge2 Nf6 9. Nf4 O-O 10. O-O
Qe8 11. f3 $1 exf3 12. Bxf3 a4 13. b4 $5 {Sxa4 er bedre} axb3 14. Qxb3 Na5 15.
Qa2 {Omtrent likt} c6 16. d5 g5 17. Nfe2 Ne4 18. Nxe4 fxe4 19. Bg2 Rxf1+ 20.
Bxf1 Bf6 21. Rb1 Qf7 22. Nd4 Qg7 23. Bb2 Bg4 24. c5 $1 dxc5 25. dxc6+ Kh8 26.
cxb7 Rb8 {? Sxb7 holder balansen} 27. Ne6 $1 Bxe6 28. Qxe6 Bxb2 29. Rxb2 Nxb7
30. Qb3 {Stockfish 9 sier at Tf2 vinner} Qe5 31. Ba6 Rf8 32. Bxb7 {?? Der røk
pokalen. Dxb7 - Dc3 er ikke farlig.} (32. Qxb7 Qc3 33. Qb3 Qc1+ 34. Kg2 g4 35.
Bc4) 32... Qf6 33. Ba6 Qxa6 34. Rf2 Rxf2 35. Kxf2 Qf6+ 36. Kg1 Qf3 37. Qb8+ Kg7
38. Qe5+ Kg6 39. Qe8+ {remis} 1/2-1/2

[Event "Høstturneringen 2018"]
[Site "Ås, Akershus NOR"]
[Date "2018.09.13"]
[Round "2"]
[White "Lea, Per"]
[Black "Olsen, Trygve"]
[Result "1-0"]
[WhiteElo "1729"]
[BlackElo "1542"]
[Annotator "Lea, Per"]
[PlyCount "39"]
[EventDate "2018.08.30"]

1. e4 c5 2. Nf3 Nc6 3. d4 cxd4 4. Nxd4 e5 5. Nb5 d6 6. N1c3 a6 7. Na3 g6 $2 (
7... b5 8. Nd5 Nf6 9. Bg5 Be7 10. Bxf6 Bxf6 11. c3 O-O 12. Nc2 {er
"Torsteinvarianten", spilt i mange langsjakk-, hurtigsjakk- og lynsjakkpartier
mellom Per Lea og Torstein Furnes fra 1990-tallet og framover}) (7... Be6) ({og
} 7... Be7 {er også en del spilt}) (7... Nf6 {fører som regel til
"Torsteinvarianten" etter en trekkomkastning:} 8. Bg5 b5 9. Nd5 Be7) 8. Nd5 Nf6
9. Bg5 Bg7 (9... Be7 $2 10. Nxe7 Nxe4 (10... Qxe7 $2 11. Qf3 $18) 11. Nxc8 Qxg5
12. Nb6 Rd8 $18) 10. Qf3 $2 {Hvit ser syner og tror at bindingen av springeren
vinner offiser. Men svart kan trekke dronninga unna med en sjakk og ville fått
en lik stilling.} (10. Nc4 Kf8 {Svart må for all del unngå at springeren på f6
blir slått med sjakk} (10... O-O 11. Qf3 Nd4 12. Qxf6 (12. Nxf6+ Kh8 13. Qd1
Bxf6 $14) 12... Bxf6 13. Bxf6 {og hvit vinner tilbake dronninga med renter
fordi en springersjakk på e7 er matt hvis ikke svart ofrer tilbake})) 10... Bg4
$4 (10... Qa5+ $1 $11 11. Bd2 (11. b4 Nxb4 12. Nc4 Nxc2+ 13. Kd1 Qa4 $14) 11...
Qd8 12. Bg5 Qa5+) 11. Nxf6+ Bxf6 12. Qxf6 Qxf6 13. Bxf6 O-O 14. f3 Be6 15. Bc4
Rac8 16. O-O-O Bxc4 17. Nxc4 Nd4 18. Ne3 Rc6 19. Rxd4 (19. Nd5 Rxc2+ 20. Kb1
Rfc8 21. Ne7+ Kf8 22. Nxc8 Rxc8 23. Rc1 $18) 19... exd4 20. Nd5 {Stilt overfor
trusselen om springermatt på e7, kastet svart inn håndkledet. Alternativet
ville være å gi tilbake kvaliteten og kjempe med tårn og svake d-bønder mot
tårn og løper.} 1-0

[Event "Høstturneringen 2018"]
[Site "Ås, Akershus NOR"]
[Date "2018.09.06"]
[Round "2"]
[White "Johansen, Anders S"]
[Black "Moberg, Jan Rune"]
[Result "1/2-1/2"]
[WhiteElo "1881"]
[BlackElo "1643"]
[PlyCount "68"]
[EventDate "2018.08.30"]

1. e4 b6 2. d4 Bb7 3. Bd3 e6 4. Nf3 Nf6 5. Qe2 Be7 6. O-O d5 7. e5 Ne4 8. Nbd2
Nxd2 9. Bxd2 c5 10. c3 Nd7 11. Rfe1 h6 12. Rac1 c4 13. Bb1 b5 14. h3 a5 15. a3
a4 16. Nh2 Qb6 17. f4 O-O-O 18. Nf3 Rdg8 19. h4 Qd8 20. g3 Nb8 21. Kf2 g5 22.
fxg5 hxg5 23. Bxg5 Bxg5 24. Nxg5 Rxg5 25. hxg5 Rh2+ 26. Kf3 Rxe2 27. Rxe2 Qxg5
28. Rh1 Nc6 29. Rh8+ Kd7 30. Rh7 Ke7 31. g4 Bc8 32. Rh5 Qc1 33. Bh7 Kf8 34. Rc2
Qd1+ 1/2-1/2

[Event "Høstturneringen 2018"]
[Site "Ås, Akershus NOR"]
[Date "2018.09.06"]
[Round "2"]
[White "Simonsen, Steinar"]
[Black "Furnes, Torstein"]
[Result "0-1"]
[WhiteElo "1547"]
[BlackElo "1787"]
[Annotator "Furnes, Torstein"]
[PlyCount "56"]
[EventDate "2018.08.30"]

1. e4 c5 2. Nf3 Nc6 3. Nc3 d6 4. Bb5 Bd7 5. Bxc6 Bxc6 6. O-O e5 7. d3 Nf6 8.
Bg5 Be7 9. Bxf6 Bxf6 10. Nd5 Bxd5 11. exd5 b5 12. c4 Qd7 13. Re1 O-O 14. Rb1 a5
15. b3 b4 16. Qc1 Qf5 17. Qc2 Ra7 18. Re4 Rfa8 19. Nh4 Bxh4 20. Rxh4 a4 21. Qe2
axb3 22. g4 $2 $19 bxa2 23. Ra1 (23. gxf5 axb1=Q+ 24. Kg2 Ra1 25. Qh5 Qf1+ 26.
Kg3 Qxd3+ 27. Kg2 Qf1+ 28. Kg3 R8a3+ 29. f3 h6 $19) (23. Qxa2 Qf6 24. Qc2 Qxh4
$19) 23... Qf6 24. Rh3 e4 25. Qxe4 Qxa1+ 26. Kg2 g6 27. Qf4 Qe5 28. Qh6 f6 0-1

[Event "Høstturneringen 2018"]
[Site "Ås, Akershus NOR"]
[Date "2018.09.06"]
[Round "2"]
[White "Rønbeck, Bjørn"]
[Black "Heien, Aksel"]
[Result "1-0"]
[WhiteElo "1500"]
[BlackElo "1276"]
[PlyCount "59"]
[EventDate "2018.08.30"]

1. e4 e5 2. Bc4 Nf6 3. Nf3 Nxe4 4. Qe2 d5 5. Nxe5 Bd6 6. Nxf7 Kxf7 7. Bxd5+ Kf8
8. Qxe4 c6 9. Bb3 Qf6 10. O-O Bf5 11. Qf3 Nd7 12. d4 Re8 13. Bf4 Bxf4 14. Qxf4
Re4 15. Qc7 Rxd4 16. Qc8+ Ke7 17. Qxh8 Nf8 18. Re1+ Kd7 19. Nc3 Kc7 20. Rad1
Rxd1 21. Rxd1 b5 22. Qg8 Bg6 23. Nd5+ cxd5 24. Qxd5 Kb6 25. a4 a6 26. axb5 axb5
27. Qd8+ Ka7 28. Qxf6 gxf6 29. Rd6 f5 30. Rd8 1-0

[Event "Høstturneringen 2018"]
[Site "Ås, Akershus NOR"]
[Date "2018.09.06"]
[Round "2"]
[White "Lange, Magnus Øyvind"]
[Black "Thowsen, Alf Geir"]
[Result "1/2-1/2"]
[WhiteElo "1367"]
[BlackElo "1409"]
[PlyCount "51"]
[EventDate "2018.08.30"]

1. e4 e6 2. d4 d5 3. exd5 exd5 4. Nf3 Nf6 5. Bg5 Nbd7 6. Nc3 Be7 7. Bd3 O-O 8.
O-O c5 9. dxc5 Nxc5 10. Bxf6 Bxf6 11. Nxd5 Bxb2 12. Rb1 Nxd3 13. Qxd3 Bf6 14.
Rfe1 b6 15. Ne5 Be6 16. Nb4 Rc8 17. Nec6 Qxd3 18. cxd3 Bxa2 19. Rbc1 Be6 20.
Nxa7 Ra8 21. Rc7 Bd8 22. Rb7 Bc8 23. Nxc8 Rxc8 24. Nd5 Rc6 25. g3 Rd6 26. Nf4
1/2-1/2

[Event "Høstturneringen 2018"]
[Site "Ås, Akershus NOR"]
[Date "2018.09.20"]
[Round "3"]
[White "Bø, Martin"]
[Black "Johansen, Anders S"]
[Result "1/2-1/2"]
[WhiteElo "1698"]
[BlackElo "1881"]
[Annotator "Bø, Martin & Johansen, Anders Sten"]
[PlyCount "71"]
[EventDate "2018.08.30"]

1. Nf3 d5 2. d4 Nf6 3. c4 c6 4. Nc3 e6 5. g3 dxc4 6. Bg2 Nbd7 7. O-O Be7 8. e4
O-O 9. Qe2 b5 10. a4 b4 11. Nd1 a5 12. Ne3 Ba6 13. Nxc4 c5 14. Rd1 cxd4 (14...
Nb6 15. dxc5 Nxc4 16. Rxd8 Rfxd8 17. Qc2 Bxc5 $11) 15. Nxd4 Rc8 16. b3 (16. Nb5
$14) 16... Bxc4 17. bxc4 e5 18. Nf5 Bc5 19. Be3 Re8 20. Bxc5 (20. Bh3 Bxe3 21.
Qxe3 Rc7 22. Qg5 g6 23. Nd6 Rf8 24. Rac1 $16) 20... Rxc5 21. Nd6 Qe7 (21... Re7
22. Nb7 Qc7 23. Nxc5 Nxc5 $11) 22. Nxe8 Qxe8 23. Qd3 Qe6 24. Rac1 Qc6 25. Bh3 (
25. Qd6 Rxc4 26. Rxc4 Qxc4 27. Qb8+ $18) 25... Nf8 26. Bg2 Ne6 27. Qd6 Qxd6 28.
Rxd6 Kf8 29. Kf1 Ke7 30. Ra6 Nd4 31. f4 Ng4 32. fxe5 Ne3+ 33. Kf2 Ng4+ 34. Kf1
(34. Ke1 Nxh2 35. Ra7+ Ke6 36. Rd1 Rxc4 37. Ra6+ Kxe5 38. Rxa5+ Kf6 39. e5+ Ke7
40. Bd5 Ndf3+ 41. Bxf3 Nxf3+ 42. Ke2 $18) 34... Ne3+ 35. Kf2 Ng4+ 36. Kf1
1/2-1/2

[Event "Høstturneringen 2018"]
[Site "Ås, Akershus NOR"]
[Date "2018.09.20"]
[Round "3"]
[White "Moberg, Jan Rune"]
[Black "Kielland-Lund, Jon"]
[Result "1-0"]
[WhiteElo "1643"]
[BlackElo "1684"]
[Annotator "Lea, Per"]
[PlyCount "97"]
[EventDate "2018.08.30"]

1. e4 c6 2. d4 d5 3. e5 ({Før ble alltid} 3. Nc3 dxe4 4. Nxe4) ({eller} 3. exd5
cxd5 {spilt. Men motene skifter - også i sjakk. Nå spiller de beste i verden 
(og Jan Rune ...) 3.e5 uten å blunke.}) 3... c5 {Tidligere sett på som helt
nødvendig for ikke å bli kvalt i sentrum, selv om trekket kan se ut som et
tempotap.} ({Men det kan se ut som} 3... Bf5 {nå har tatt over som det mest
spilte}) 4. dxc5 e6 5. Be3 Nc6 (5... Nd7 6. b4 (6. Nf3 {og la svart få tilbake
bonden med en gang er bedre}) 6... a5 (6... Nxe5 {vinner bonden tilbake med en
gang, men 6...a5 gir større sjanse til fordel}) 7. c3 axb4 8. cxb4 b6 9. Bb5 (
9. Nf3 bxc5 10. Bb5 Ba6 11. Bxa6 Rxa6 $11) 9... bxc5 10. Nf3 (10. bxc5 $4 Qa5+
$19) 10... Ba6 11. Bxa6 Rxa6 $15) 6. Bb5 Qa5+ 7. Nc3 Bd7 8. Bxc6 Bxc6 9. Qd4
Ne7 10. g4 (10. b4 {er det vanligste, men Jan Runes valg er også spilt
tidligere - blant annet av Hanne Kyrkjebø - i et parti hun vant mot Svante
Norlander i Politiken Cup 2013,til tross for at hun hadde en rating på ca 220
lavere enn hans.}) 10... h5 11. f3 hxg4 12. fxg4 Ng6 (12... Rh4 $1 13. Nf3 Nf5
{og det ser ut som hvits minst dårlige fortsettelse er det begredelige} 14.
gxf5 Rxd4 15. Bxd4 exf5) 13. a4 (13. b4 Qc7 14. Nf3 b6 {og Stockfish mener at
hvit ikke har noen glede av den ekstra c-bonden}) 13... Bxc5 $2 {Kaster
fordelen over bord} ({Hvit får problemer etter} 13... b6 14. b4 bxc5 15. bxa5
cxd4 16. Bxd4 f6 17. exf6 e5 18. Nb5 (18. Nge2 exd4 19. Nxd4 Bb4) (18. fxg7
Bxg7 19. Bc5 d4 {i begge tilfeller med offiserstap - riktig nok med en viss
kompensasjon i bønder}) 18... Bxb5 19. axb5 exd4 $19) 14. Qxc5 Qxc5 15. Bxc5 d4
16. Nb5 Bxh1 (16... b6) ({eller} 16... Rd8 {holder balansen}) 17. Nc7+ Kd7 18.
Nxa8 Rxa8 19. Bxd4 {Når røyken har lagt seg har hvit en ekstra bonde, men
normalt skulle ulikefargede løpere sikre remis for svart} Rd8 20. O-O-O Kc8 21.
h4 (21. Rd2 Bc6 {er nok litt bedre for hvit}) 21... a6 ({Etter} 21... Nxh4 22.
Bxa7 Rxd1+ 23. Kxd1 {frykter kanskje svart at hvits 2 ekstra bønder på
dronningfløyen vil være avgjørende}) 22. h5 Nf4 23. Bf2 Rxd1+ 24. Kxd1 Kd7 25.
Kd2 b5 26. axb5 axb5 27. Ne2 {Et løpersluttspill med ulikefargede løpere og 5
mot 4 bønder burde være mulg å holde for svar. Derfor burde ikke hvit invitere
til det - og svart burde ta i mot når sjansen byr seg.} Nd5 28. Nd4 ({Etter} 
28. Ng3 Bf3 29. g5 {er det vanskelig å se hvordan svart skal hindre hvit i å
få en livsfarlig fribonde i h-linja}) 28... b4 29. c4 (29. g5 Ke8 30. Nc6 f6
31. exf6 gxf6 32. h6 Kf7 33. Bd4 Kg6 34. gxf6 Nxf6 35. Nxb4 Ne4+ 36. Ke3 $18)
29... bxc3+ 30. bxc3 Be4 31. c4 Ne7 32. Ke3 Bb1 33. Bg3 Nc6 34. g5 Nxd4 35.
Kxd4 {Trusselen om å få fribønder både i c- og h-linja avgjør partiet} Kc6 36.
Kc3 (36. h6 gxh6 37. gxh6 Bg6 38. Be1 Bh7 39. Bb4 Bb1 40. Ke3 {og svart kan
ikke hindre en hvit kongevandring til g7 via de svarte feltene}) 36... Bf5 37.
Kb4 Bg4 38. h6 gxh6 39. gxh6 Bf5 40. Bf2 Bd3 41. Kc3 Bf5 42. Bh4 Kd7 43. Bf6
Kc6 44. Be7 Kd7 45. Ba3 Kc6 46. Kd4 Bg6 47. Ke3 Kd7 48. Kf4 Kd8 49. Kg5 1-0